000 00608nam a22002177a 4500
003 UA-OsUOA
001 38890
007 ta
008 20060529b un ||||| |||| 00| 0 ukr d
100 _aУндір Олесь
090 _a81
_bУ11
942 _cSA
040 _aUA-OsUOA
_bukr
_cUA-OsUOA
_dUA-OsUOA
245 _aЧудотворна святиня в славетному Острозі
300 _a2 с.
955 _a0
041 _aukr
080 _a81
773 0 _w38887
650 7 _a8 Мовознавство. Художня література. Літературознавство
_2UDC
999 _c325052
_d325052